| 000 | 00728 a2200229 4500 | ||
|---|---|---|---|
| 005 | 20251107114829.0 | ||
| 008 | 251107b |||||||| |||| 00| 0 eng d | ||
| 020 | _a9780226836065 (hbk) | ||
| 037 | _cTB | ||
| 040 |
_aCRL _cCRL |
||
| 041 |
_2eng _aeng |
||
| 084 |
_aNA4498,C R4 _qCRL |
||
| 100 |
_aLeoshko, Janice _9821640 |
||
| 245 |
_aMaking a canon: _bAnanda K. Coomaraswamy, Sri Lanka, and the place of buddhist art |
||
| 260 |
_bUniversity of Chicago Press, _c2024. _aChicago, USA; |
||
| 300 | _axiii, 281p. | ||
| 365 |
_b45.00 _cUSD |
||
| 490 | _aBuddhism and modernity | ||
| 650 |
_aFine Arts _9850413 |
||
| 942 |
_cTB _2CC _n0 _hNA4498,C R4 |
||
| 999 |
_c1435619 _d1435619 |
||